000 01356nam a22002537a 4500
005 20180228114120.0
010 _aB-533185-186 HIN-105382 B-668665
020 _a9788177211795
_c200.00
020 _a9788177211795
_c250.00(अ.वि.)
035 _aB-533185-186 HN-77728
035 _aB-668665
037 _aDPL/Ocean
037 _bDBAD/Pub.
082 _a920
100 _aभल्ला, प्रवीण
245 _aमानवसेवी एनी बेसेंट/
_cप्रवीण भल्ला
246 _aManavsevi Annie Besant
_bby Parveen Bhalla
260 _aदिल्ली
_bसत्साहित्य प्रकाशन
_c2013
_c2017(अ.वि.)
270 _a205-बी चावडी बाज़ार
_bदिल्ली
_e110006
300 _a150 पृ.
_c21 से.मी.(सजिल्द)
942 _2ddc
_cHN
_mभल्लाप्र
_h920
999 _c84568
_d84568